| Tag |
First Indicator |
Second Indicator |
Subfields |
| LEADER |
00000cam a2200000Mi 4500 |
| 001 |
in00003558613 |
| 006 |
m o d |
| 007 |
cr mnu---uuaaa |
| 008 |
121227s1998 enka o 000 0 eng |
| 005 |
20260421164425.0 |
| 020 |
|
|
|a 9781447115380 (electronic bk.)
|
| 020 |
|
|
|a 1447115384 (electronic bk.)
|
| 020 |
|
|
|z 9781447115403
|
| 020 |
|
|
|z 1447115406
|
| 035 |
|
|
|a (OCoLC)853258079
|
| 040 |
|
|
|a AU@
|b eng
|c AU@
|d OCLCO
|d OCLCQ
|d GW5XE
|d OCLCF
|d UtOrBLW
|
| 049 |
|
|
|a TXAM
|
| 050 |
|
4 |
|a TA174
|
| 072 |
|
7 |
|a TBD
|2 bicssc
|
| 072 |
|
7 |
|a TEC016020
|2 bisacsh
|
| 072 |
|
7 |
|a TEC016000
|2 bisacsh
|
| 082 |
0 |
4 |
|a 620.0042
|2 23
|
| 100 |
1 |
|
|a Duffy, Alex H. B.
|
| 245 |
1 |
4 |
|a The Design Productivity Debate /
|c edited by Alex H.B. Duffy.
|
| 264 |
|
1 |
|a London :
|b Springer London,
|c 1998.
|
| 300 |
|
|
|a 1 online resource (vii, 290 pages 83 illustrations)
|
| 336 |
|
|
|a text
|b txt
|2 rdacontent
|
| 337 |
|
|
|a computer
|b c
|2 rdamedia
|
| 338 |
|
|
|a online resource
|b cr
|2 rdacarrier
|
| 505 |
0 |
|
|a Summary Paper -- I: Design Studies: investigating productivity; social activity of engineering design; influences on design process in industry; co-operative product development using process-based approach; multidisciplinary knowledge acquisition -- II: Design Development: socio-technical system for supporting design management; Design Co-ordination Framework: key elements -- III: Concurrent Engineering: a successful example of design research; using focus groups; architecture for Concurrent Engineering -- IV: Design Knowledge and Information: design information issues; improving design management in the building industry; design as building and reuse of artifact.
|
| 520 |
|
|
|a Over the past decade, with greater emphasis being placed upon shorter lead times, better quality products, reduced product costs, and greater customer satisfaction, the topic of Engineering Design has received increased interest from the industrial and ac ademic communities. Considerable effort has been directed at developing design process methodologies and building computer tools that focus upon relatively narrow aspects of design, but many key problems in Engineering Design research and practice remain unanswered. Resulting from the First International Engineering Design Debate held in Glasgow, UK in late 1996, this volume discusses the main issues concerning the improvement of design productivity. Covering design studies, design development, concurrent engineering and design knowledge and information, it attempts to derive a common understanding of the basic factors, problems and potential solutions involved.
|
| 500 |
|
|
|a Electronic resource.
|
| 650 |
|
0 |
|a Engineering.
|
| 650 |
|
0 |
|a Engineering design.
|
| 650 |
|
7 |
|a Engineering.
|2 fast
|0 (OCoLC)fst00910312
|
| 650 |
|
7 |
|a Engineering design.
|2 fast
|0 (OCoLC)fst00910453
|
| 655 |
|
7 |
|a Electronic books.
|2 local
|
| 710 |
2 |
|
|a SpringerLink (Online service)
|
| 776 |
1 |
8 |
|i Print version:
|z 9781447115403
|
| 856 |
4 |
0 |
|u http://proxy.library.tamu.edu/login?url=https://link.springer.com/10.1007/978-1-4471-1538-0
|z Connect to the full text of this electronic book
|t 0
|
| 994 |
|
|
|a 92
|b TXA
|
| 999 |
|
|
|a MARS
|
| 999 |
f |
f |
|s 4f47de60-dfd0-3ae4-be1e-149b47b2a908
|i 0429ff6c-3d45-39f0-9e58-e77c013b5fec
|t 0
|
| 952 |
f |
f |
|a Texas A&M University
|b College Station
|c Electronic Resources
|s www_evans
|d Available Online
|t 0
|e TA174
|h Library of Congress classification
|
| 998 |
f |
f |
|a TA174
|t 0
|l Available Online
|